[Event "IECG CF.2006.0.00077 email"]
[Site "IECG email"]
[Date "2006.01.18"]
[Round "1"]
[White "Ershov, Alexander"]
[Black "Hughes, Chris"]
[Result "1-0"]
[WhiteElo "1000"]
[BlackElo "757"]
[PlyCount "89"]
[EventDate "2006.01.18"]
[EventType "tourn (corr)"]
[EventRounds "6"]
[SourceTitle "Corr 2008"]
[Source "ChessBase"]
[SourceDate "2008.06.24"]
[SourceVersion "1"]
[SourceVersionDate "2008.06.24"]
[SourceQuality "1"]

1. d4 Nf6 2. Nf3 e6 3. Bg5 c5 4. e3 Be7 5. Nbd2 cxd4 6. exd4 b6 7. c3 Bb7 8. Bd3 Nc6 9. 0-0 0-0 10. Re1 Nd5 11. Bxe7 Ncxe7 12. Bf1 Rc8 13. c4 Nf6 14. b4 Nf5 15. Qb3 Qe7 16. a4 d5 17. c5 bxc5 18. bxc5 Bc6 19. Bd3 Qd7 20. Nb1 Rb8 21. Qa3 Rb7 22. Ba6 Rbb8 23. Nc3 Bb7 24. Bd3 Qc7 25. a5 Bc6 26. h3 h6 27. a6 Rfe8 28. Ra2 Nd7 29. Kh1 g6 30. Qc1 Kg7 31. g4 Ne7 32. Qa3 Qf4 33. Kg2 g5 34. Qa5 Rbc8 35. Rb2 Qc7 36. Qxc7 Rxc7 37. Nb5 Rb8 38. Reb1 Bxb5 39. Bxb5 Nf6 40. Ba4 Rxb2 41. Rxb2 Rc8 42. Rb7 Nc6 43. Bxc6 Rxc6 44. Ne5 Rc8 45. Rxf7+ 1-0

[Event "IECG CF.2006.0.00077 email"]
[Site "IECG email"]
[Date "2006.01.18"]
[Round "?"]
[White "Wurm, Tamas"]
[Black "Ershov, Alexander"]
[Result "0-1"]
[WhiteElo "1041"]
[BlackElo "1000"]
[PlyCount "56"]
[EventDate "2006.01.18"]
[EventType "tourn (corr)"]
[EventRounds "6"]
[SourceTitle "Corr 2008"]
[Source "ChessBase"]
[SourceDate "2008.06.24"]
[SourceVersion "1"]
[SourceVersionDate "2008.06.24"]
[SourceQuality "1"]

1. e4 c5 2. Nf3 e6 3. d4 cxd4 4. Nxd4 a6 5. Nc3 b5 6. Bd3 Qb6 7. Nb3 Qc7 8. 0-0 Bb7 9. Re1 Nc6 10. Qf3 Bd6 11. h3 Nge7 12. Be3 Rc8 13. Qg4 0-0 14. Rad1 b4 15. Ne2 Ne5 16. Qh4 f5 17. exf5 Nxd3 18. Rxd3 Nxf5 19. Qg4 Qxc2 20. Rd2 Qc7 21. Bg5 Bd5 22. Ned4 Qb7 23. Nxf5 Rxf5 24. Bh6 Rf7 25. Rde2 Rc4 26. Qh5 Qa8 27. Be3 Rf5 28. Bg5 h6 0-1